000
00282nam a2200109Ia 4500
008
190216s9999||||xx |||||||||||||| ||und||
100
_a
Changampuzha Krishan Pillai
245
0
_a
Maniveena
260
_b
"Sree Ram Vilas Press & Book Depot,Quilon"
650
_a
Kavithkal
942
_c
BK
999
_c
23863
_d
23863